The castle

Guardado en:
Bibliografiske detaljer
Hovedforfatter: Kafka, Franz
Format: Bog
Sprog:Undetermined
Udgivet: Inglaterra Penguin Modern Classics 1975
Fag:
Tags: Tilføj Tag
Ingen Tags, Vær først til at tagge denne postø!

MARC

LEADER 00000nam a2200000Ia 4500
008 170316s9999 xx 000 0 und d
040 |a cru BVZT 
090 |a 830 K-1ca 
100 |a Kafka, Franz 
245 4 |a The castle 
260 |a Inglaterra 
260 |b Penguin Modern Classics 
260 |c 1975 
300 |a 298 páginas 
650 |a LITERATURA ALEMANA 
999 |c 7375  |d 7375 
942 |c 15 D  |h 830 K-1ca  |2 z